| 000 | 01275cam a22003494a 4500 | ||
|---|---|---|---|
| 001 | 15589592 | ||
| 003 | NUST | ||
| 005 | 20230106172922.0 | ||
| 008 | 090116s2005 it a 000 0ceng | ||
| 010 | _a 2008419348 | ||
| 020 | _a9789697659012 | ||
| 025 | _aI-E-2008-419348; 34 | ||
| 037 |
_bLibrary of Congress -- New Delhi Overseas Office _cRs200.00 |
||
| 040 |
_aDLC _cDLC |
||
| 042 | _alcode | ||
| 050 | 0 | 0 |
_aQ141 _b.O52 2005 |
| 082 |
_a925 _bONE |
||
| 240 | _aOne hundred reasons to be a scientists | ||
| 245 | 0 | 0 |
_aMein science daan kaisay bana ? : _bscience daan ban'nay ke aik so juwaz/. |
| 250 | _a2nd ed. | ||
| 260 |
_aIslamabad : _bComsats Institute of Information Technology, _c2016. |
||
| 300 |
_a263 p. : _bill. ; _c26 cm. |
||
| 500 | _aPreviously published: c2004. | ||
| 650 | 0 |
_aScientists _vBiography. _96604 |
|
| 650 | 0 |
_aScience. _96605 |
|
| 710 | 2 |
_aAbdus Salam International Centre for Theoretical Physics. _96606 |
|
| 880 |
_6245-02\(3\r _aمیں سائنسدان کیسے بنا؟ _bاردو ترجمہ: سائنسدان بننے کے ایک سو جواز |
||
| 880 |
_6260-03\(3\r _aاسلام آباد: _bComsats, _c2016 |
||
| 906 |
_a7 _bcbc _corigode _d3 _encip _f20 _gy-gencatlg |
||
| 942 |
_2ddc _cBK |
||
| 999 |
_c332258 _d332258 |
||